NBA Players by College 2018-2019 - Statistics

General Stats
  • This quiz has been taken 40 times
    32 since last reset
  • The average score is 116 of 414
Answer Stats
Pos. College Team Last Played For Player Name % Correct
PG Alabama Cleveland Cavaliers Collin Sexton
78%
C Arizona Phoenix Suns Deandre Ayton
63%
PF Arizona Orlando Magic Aaron Gordon
59%
PF Oklahoma Detroit Pistons Blake Griffin
59%
SG Indiana Houston Rockets Eric Gordon
59%
PF Missouri State Indiana Pacers Alize Johnson
56%
SF North Carolina Toronto Raptors Danny Green
56%
SF Florida Dallas Mavericks Dorian Finney-Smith
56%
PF Michigan State Golden State Warriors Draymond Green
56%
SG Duke Utah Jazz Grayson Allen
56%
PF Wake Forest Miami Heat James Johnson
56%
PF Alabama Los Angeles Clippers JaMychal Green
56%
C Texas Brooklyn Nets Jarrett Allen
56%
PF Georgetown Washington Wizards Jeff Green
56%
PG Arizona New York Knicks Kadeem Allen
56%
SG Washington State Golden State Warriors Klay Thompson
56%
SF Arizona New Orleans Pelicans Stanley Johnson
56%
SF Georgia Tech Indiana Pacers Thaddeus Young
56%
PG Oklahoma Atlanta Hawks Trae Young
56%
C Texas Cleveland Cavaliers Tristan Thompson
56%
SG Fresno State Phoenix Suns Tyler Johnson
56%
SG Miami (FL) Detroit Pistons Bruce Brown
52%
C Vanderbilt Golden State Warriors Damian Jones
52%
PG Ohio State Brooklyn Nets D'Angelo Russell
52%
PG NC State New York Knicks Dennis Smith Jr.
52%
SF UNLV Miami Heat Derrick Jones Jr.
52%
PG Colorado San Antonio Spurs Derrick White
52%
PG Duke New Orleans Pelicans Frank Jackson
52%
PG Wake Forest Detroit Pistons Ish Smith
52%
SG Arizona State Houston Rockets James Harden
52%
PF Michigan State Memphis Grizzlies Jaren Jackson Jr.
52%
SG California Boston Celtics Jaylen Brown
52%
SF New Mexico State Los Angeles Lakers Jemerrio Jones
52%
PG West Virginia Memphis Grizzlies Jevon Carter
52%
SF Kansas Phoenix Suns Josh Jackson
52%
SF North Carolina Dallas Mavericks Justin Jackson
52%
PG Duke Boston Celtics Kyrie Irving
52%
SF Fresno State Oklahoma City Thunder Paul George
52%
PG Boston College Detroit Pistons Reggie Jackson
52%
PG Davidson Golden State Warriors Stephen Curry
52%
SG SMU Milwaukee Bucks Sterling Brown
52%
SF Oregon Washington Wizards Troy Brown Jr.
52%
PG Duke Minnesota Timberwolves Tyus Jones
52%
SG North Carolina Atlanta Hawks Vince Carter
52%
C Duke Chicago Bulls Wendell Carter Jr.
52%
SG Texas Tech Philadelphia 76ers Zhaire Smith
52%
PF UC-Santa Barbara Brookyln Nets Alan Williams
48%
SG Florida Washingon Wizards Bradley Beal
48%
SG NC State Minnesota Timberwolves C.J. Williams
48%
SG Kentucky Phoenix Suns Devin Booker
48%
SG Ohio State Portland Trail Blazers Evan Turner
48%
PG IUPUI Milwaukee Bucks George Hill
48%
PF Gonzaga Los Angeles Lakers Jonathan Williams
48%
PF Kansas Boston Celtics Marcus Morris
48%
PF Kansas Oklahoma City Thunder Markieff Morris
48%
PF North Carolina Charlotte Hornets Marvin Williams
48%
PG Syracuse Orlando Magic Michael Carter-Williams
48%
PG Iowa State Denver Nuggets Monte Morris
48%
C Texas Indiana Pacers Myles Turner
48%
C Texas A&M Boston Celtics Robert Williams
48%
PG UCLA Oklahoma City Thunder Russell Westbrook
48%
SF Arizona New Orleans Pelicans Solomon Hill
48%
SF Indiana Sacramento Kings Troy Williams
48%
SG Indiana Indiana Pacers Victor Oladipo
48%
SF Kansas Minnesota Timberwolves Andrew Wiggins
44%
PF Kentucky New Orleans Pelicans Anthony Davis
44%
PG LSU Philadelphia 76ers Ben Simmons
44%
SG Lehigh Portland Trail Blazers CJ McCollum
44%
PG Wisconsin Dallas Mavericks Devin Harris
44%
SF Florida Washington Wizards Devin Robinson
44%
C Michigan State Atlanta Hawks Deyonta Davis
44%
SF Michigan Miami Heat Duncan Robinson
44%
PF North Carolina Brooklyn Nets Ed Davis
44%
SG Michigan State Denver Nuggets Gary Harris
44%
SG Michigan Detroit Pistons Glenn Robinson III
44%
SF Duke Boston Celtics Jayson Tatum
44%
SG Boston College Los Angeles Clippers Jerome Robinson
44%
SF Virginia Brooklyn Nets Joe Harris
44%
SG Houston Philadelphia 76ers Jonathan Simmons
44%
SF San Diego State Toronto Raptors Kawhi Leonard
44%
PG Connecticut Charlotte Hornets Kemba Walker
44%
PG Providence Chicago Bulls Kris Dunn
44%
SG Miami (FL) San Antonio Spurs Lonnie Walker IV
44%
PF Illinois Portland Trail Blazers Meyers Leonard
44%
PF Missouri Denver Nuggets Michael Porter Jr.
44%
PG Ohio State Memphis Grizzlies Mike Conley
44%
C Western Kentucky New York Knicks Mitchell Robinson
44%
SF Georgetown Chicago Bulls Otto Porter Jr.
44%
SF Arizona Brooklyn Nets Rondae Hollis-Jefferson
44%
SF Tennessee Philadelphia 76ers Tobias Harris
44%
C Kentucky Sacramento Kings Willie Cauley-Stein
44%
PG UCLA Chicago Bulls Zach LaVine
44%
PG Duke Houston Rockets Austin Rivers
41%
SF Duke Los Angeles Lakers Brandon Ingram
41%
C Stanford Milwaukee Bucks Brook Lopez
41%
SG Oklahoma Sacramento Kings Buddy Hield
41%
PG Wake Forest Houston Rockets Chris Paul
41%
C Kentucky Golden State Warriors DeMarcus Cousins
41%
PG Texas Orlando Magic D.J. Augustin
41%
SF Butler Boston Celtics Gordon Hayward
41%
C Marshall Miami Heat Hassan Whiteside
41%
SG Cincinnati Golden State Warriors Jacob Evans
41%
C Nevada Los Angeles Lakers Javale McGee
41%
PG Oklahoma State Oklahoma City Thunder Jawun Evans
41%
SF Syracuse Oklahoma City Thunder Jerami Grant
41%
PG Notre Dame Orlando Magic Jerian Grant
41%
PG Kentucky Washington Wizards John Wall
41%
SG Tennessee Miami Heat Josh Richardson
41%
C Kentucky Minnesota Timberwolves Karl-Anthony Towns
41%
SG Georgia Los Angeles Lakers Kentavious Caldwell-Pope
41%
SF Texas Golden State Warriors Kevin Durant
41%
SG Creighton Utah Jazz Kyle Korver
41%
PF Texas San Antonio Spurs LaMarcus Aldridge
41%
PF Arizona Chicago Bulls Lauri Markkanen
41%
PF Louisville Los Angeles Clippers Montrezl Harrell
41%
PG Arkansas Los Angeles Clippers Patrick Beverley
41%
C Stanford Chicago Bulls Robin Lopez
41%
C Indiana Washington Wizards Thomas Bryant
41%
PG Memphis Indiana Pacers Tyreke Evans
41%
SG Arkansas Dallas Mavericks Daryl Macon
37%
PG Kentucky Sacramento Kings De'Aaron Fox
37%
PG Washington San Antonio Spurs Dejounte Murray
37%
PG Memphis Minnesota Timberwolves Derrick Rose
37%
PF Gonzaga Indiana Pacers Domantas Sabonis
37%
SG Louisville Utah Jazz Donovan Mitchell
37%
PG Washington Denver Nuggets Isaiah Thomas
37%
PG Kentucky Denver Nuggets Jamal Murray
37%
PG Harvard Toronto Raptors Jeremy Lin
37%
SG Marquette Philadelphia 76ers Jimmy Butler
37%
SG Duke Philadelphia 76ers JJ Redick
37%
C Kansas Philadelphia 76ers Joel Embiid
37%
PF Wake Forest Atlanta Hawks John Collins
37%
PF Oregon Golden State Warriors Jordan Bell
37%
SG Villanova Los Angeles Lakers Josh Hart
37%
SG Creighton Detroit Pistons Khyri Thomas
37%
PG Villanova Toronto Raptors Kyle Lowry
37%
SF Duke New York Knicks Lance Thomas
37%
SG Florida State Denver Nuggets Malik Beasley
37%
PF Duke Sacramento Kings Marvin Bagley III
37%
C USC Orlando Magic Nikola Vucevic
37%
SG Notre Dame Milwaukee Bucks Pat Connaughton
37%
SF Texas Houston Rockets P.J. Tucker
37%
PG Duke Golden State Warriors Quinn Cook
37%
PG Louisville Boston Celtics Terry Rozier
37%
PF Gonzaga Portland Trail Blazers Zach Collins
37%
PG UCLA Indiana Pacers Aaron Holiday
33%
C Maryland Atlanta Hawks Alex Len
33%
SG Arizona New York Knicks Allonzo Trier
33%
C Connecticut Detroit Pistons Andre Drummond
33%
SG Colorado Oklahoma City Thunder Andre Roberson
33%
SG Michigan Brooklyn Nets Caris LeVert
33%
C Indiana Charlotte Hornets Cody Zeller
33%
PG Weber State Portland Trail Blazers Damian Lillard
33%
PF Georgia Tech Utah Jazz Derrick Favors
33%
PF Cincinnati Houston Rockets Gary Clark
33%
PF Duke Sacramento Kings Harry Giles
33%
PG UCLA New Orleans Pelicans Jrue Holiday
33%
SF Washington Memphis Grizzlies Justin Holiday
33%
PF Gonzaga Miami Heat Kelly Olynyk
33%
PF Utah Los Angeles Lakers Kyle Kuzma
33%
PG UCLA Los Angeles Lakers Lonzo Ball
33%
PG Saint Mary's San Antonio Spurs Patty Mills
33%
SG Duke Portland Trail Blazers Rodney Hood
33%
PG Colorado Brookyln Nets Spencer Dinwiddie
33%
C North Carolina Memphis Grizzlies Tyler Zeller
33%
PF Wake Forest Portland Trail Blazers Al-Farouq Aminu
30%
C Florida Boston Celtics Al Horford
30%
C Utah Golden State Warriors Andrew Bogut
30%
PF SMU Indiana Pacers Ben Moore
30%
PF Arkansas Washington Wizards Bobby Portis
30%
PG Stanford Washington Wizards Chasson Randle
30%
SG Western Kentucky Dallas Mavericks Courtney Lee
30%
SG Louisville Golden State Warriors Damion Lee
30%
C Texas A&M New York Knicks DeAndre Jordan
30%
SG USC San Antonio Spurs DeMar DeRozan
30%
SF Missouri Brooklyn Nets DeMarre Carroll
30%
SG Oregon Memphis Grizzlies Dillon Brooks
30%
C Wake Forest Memphis Grizzlies Doral Moore
30%
SG Marquette Miami Heat Dwayne Wade
30%
SG Purdue New Orleans Pelicans E'Twaun Moore
30%
PG Wichita State Toronto Raptors Fred VanVleet
30%
SF North Carolina Sacramento Kings Harrison Barnes
30%
PF Duke Washington Wizards Jabari Parker
30%
C Duke New Orleans Pelicans Jahlil Okafor
30%
PG Villanova Dallas Mavericks Jalen Brunson
30%
PG Saint Bonaventure Atlanta Hawks Jaylen Adams
30%
PG Wake Forest Minnesota Timberwolves Jeff Teague
30%
SG Connecticut Charlotte Hornets Jeremy Lamb
30%
PG Missouri Cleveland Cavaliers Jordan Clarkson
30%
C Kentucky New Orleans Pelicans Julius Randle
30%
SF Duke Miami Heat Justise Winslow
30%
SF Texas A&M Milwaukee Bucks Khris Middleton
30%
PF Duke Denver Nuggets Mason Plumlee
30%
SF Saint John's Portland Trail Blazers Maurice Harkless
30%
C Duke Atlanta Hawks Miles Plumlee
30%
SF Indiana Toronto Raptors OG Anunoby
30%
PF New Mexico State Toronto Raptors Pascal Siakam
30%
PF Louisiana Tech Denver Nuggets Paul Millsap
30%
PG Kentucky Los Angeles Lakers Rajon Rondo
30%
C Pittsburgh Oklahoma City Thunder Steven Adams
30%
SF Baylor Atlanta Hawks Taurean Waller-Prince
30%
PG Arizona Philadelphia 76ers TJ McConnell
30%
SF NC State Phoenix Suns T.J. Warren
30%
PG Indiana Sacramento Kings Yogi Ferrell
30%
PF Duke Orlando Magic Amile Jefferson
26%
SG Arizona Golden State Warriors Andre Iguodala
26%
C Oregon Toronto Raptors Chris Boucher
26%
PG UCLA Indiana Pacers Darren Collison
26%
PG Kansas Charlotte Hornets Devonte Graham
26%
PF Michigan Milwaukee Bucks D.J. Wilson
26%
PF Stanford Dallas Mavericks Dwight Powell
26%
PG Kansas Sacramento Kings Frank Mason III
26%
C Louisville Minnesota Timberwolves Gorgui Dieng
26%
SG Michigan Phoenix Suns Jamal Crawford
26%
PF Florida State Orlando Magic Jonathan Isaac
26%
SG Virginia Atlanta Hawks Justin Anderson
26%
SF Kansas Phoenix Suns Kelly Oubre Jr.
26%
PF UCLA Cleveland Cavaliers Kevin Love
26%
SF UCLA Memphis Grizzlies Kyle Anderson
26%
SG Cincinnati Los Angeles Lakers Lance Stephenson
26%
SG Duke Detroit Pistons Luke Kennard
26%
PG Virginia Milwaukee Bucks Malcolm Brogdon
26%
SF Kentucky Charlotte Hornets Michael Kidd-Gilchrist
26%
SF Villanova Phoenix Suns Mikal Bridges
26%
SF Michigan State Charlotte Hornets Miles Bridges
26%
PF Kentucky Oklahoma City Thunder Nerlens Noel
26%
SF UCLA Toronto Raptors Norman Powell
26%
SF Tennessee State Minnesota Timberwolves Robert Covington
26%
SF Connecticut San Antonio Spurs Rudy Gay
26%
PF Calfornia Miami Heat Ryan Anderson
26%
PG Kentucky Los Angeles Clippers Shai Gilgeous-Alexander
26%
SG Michigan Dallas Mavericks Tim Hardaway Jr.
26%
SG VCU Brooklyn Nets Treveon Graham
26%
PG Michigan Dallas Mavericks Trey Burke
26%
SG Marquette Indiana Pacers Wesley Matthews
26%
SF DePaul Los Angeles Clippers Wilson Chandler
26%
SG Texas Memphis Grizzlies Avery Bradley
22%
C Kentucky Miami Heat Bam Adebayo
22%
PG Kentucky Cleveland Cavaliers Brandon Knight
22%
SF Florida Memphis Grizzlies Chander Parsons
22%
PG Texas Indiana Pacers Cory Joseph
22%
C USC Atlanta Hawks Dewayne Dedmon
22%
SF Creighton Indiana Pacers Doug McDermott
22%
PG UL-Lafayette New Orleans Pelicans Elfrid Payton
22%
C Kentucky Portland Trail Blazers Enes Kanter
22%
PG Kentucky Milwaukee Bucks Eric Bledsoe
22%
C Georgetown Philadelphia 76ers Greg Monroe
22%
SF Long Beach State Philadelphia 76ers James Ennis III
22%
SF Boston College Brooklyn Nets Jared Dudley
22%
C Florida Memphis Grizzlies Joakim Noah
22%
PG New Mexico State Boston Celtics Jonathan Gibson
22%
SG Georgia Tech Minnesota Timberwolves Josh Okogie
22%
SG Old Dominion Atlanta Hawks Kent Bazemore
22%
SG Maryland Atlanta Hawks Kevin Huerter
22%
SF Kentucky New York Knicks Kevin Knox
22%
C UCLA Golden State Warriors Kevon Looney
22%
PF Wyoming Cleveland Cavaliers Larry Nance Jr.
22%
PG Oklahoma State Boston Celtics Marcus Smart
22%
C Texas Orlando Magic Mo Bamba
22%
C Michigan Los Angeles Lakers Moe Wagner
22%
SG North Carolina Los Angeles Lakers Reggie Bullock
22%
PG Butler Charlotte Hornets Shelvin Mack
22%
PF USC Minnesota Timberwolves Taj Gibson
22%
SG Washington Orlando Magic Terrence Ross
22%
PF UCLA Indiana Pacers TJ Leaf
22%
C North Carolina Utah Jazz Tony Bradley
22%
SG UCLA Washington Wizards Trevor Ariza
22%
SG North Carolina Detroit Pistons Wayne Ellington
22%
SG California Brooklyn Nets Allen Crabbe
19%
PG Michigan State San Antonio Spurs Bryn Forbes
19%
SF Boise State Chicago Bulls Chandler Hutchison
19%
SF Kentucky New Orleans Pelicans Darius Miller
19%
SG Syracuse Miami Heat Dion Waiters
19%
SG Villanova Milwaukee Bucks Donte DiVincenzo
19%
SG Florida State Charlotte Hornets Dwayne Bacon
19%
PF Wisconsin Charlotte Hornets Frank Kaminsky
19%
SG Duke Portland Trail Blazers Gary Trent Jr.
19%
PF North Carolina New York Knicks Isaiah Hicks
19%
PF California Memphis Grizzlies Ivan Rabb
19%
SF Marquette Utah Jazz Jae Crowder
19%
PF LSU Orlando Magic Jarrell Martin
19%
SF Ohio State Minnesota Timberwolves Keita Bates-Diop
19%
PF Morehead State Houston Rockets Kenneth Faried
19%
PF Dayton Dallas Mavericks Kostas Antetokounmpo
19%
PG Wichita State Los Angeles Clippers Landry Shamet
19%
SF Holy Cross Toronto Raptors Malcolm Miller
19%
SG Kentucky Charlotte Hornets Malik Monk
19%
PG Washington Orlando Magic Markelle Fultz
19%
SG Iowa State Utah Jazz Naz Mitrou-Long
19%
SG Michigan Cleveland Cavaliers Nik Stauskas
19%
PF Indiana New York Knicks Noah Vonleh
19%
PF Villanova Atlanta Hawks Omari Spellman
19%
SG Georgia State Boston Celtics R.J. Hunter
19%
PF SMU Boston Celtics Semi Ojeleye
19%
SG South Carolina Los Angeles Clippers Sindarius Thornwell
19%
PF Kentucky Denver Nuggets Trey Lyles
19%
SG Oregon Memphis Grizzlies Tyler Dorsey
19%
SG Texas A&M Los Angeles Lakers Alex Caruso
15%
SF UW-Green Bay Golden State Warriors Alfonso McKinnie
15%
C Washington State Boston Celtics Aron Baynes
15%
C Arizona Cleveland Cavaliers Channing Frye
15%
PF Kansas New Orleans Pelicans Cheick Diallo
15%
SF Florida Sacramento Kings Corey Brewer
15%
SG Houston New York Knicks Damyean Dotson
15%
SF Villanova San Antonio Spurs Dante Cunningham
15%
SF Texas A&M Houston Rockets Danuel House Jr.
15%
SG Cal Poly Cleveland Cavaliers David Nwaba
15%
PG Utah Memphis Grizzlies Delon Wright
15%
SG Michigan State Chicago Bulls Denzel Valentine
15%
PG Iowa State Oklahoma City Thunder Deonte Burton
15%
SF Colorado Phoenix Suns George King
15%
SF Iowa State Utah Jazz Georges Niang
15%
SG Kentucky Oklahoma City Thunder Hamidou Diallo
15%
SG Georgia Tech Houston Rockets Iman Shumpert
15%
C Utah San Antonio Spurs Jakob Poeltl
15%
SF Clemson Cleveland Cavaliers Jaron Blossomgame
15%
PG Northeastern Dallas Mavericks J.J. Barea
15%
PF Baylor Los Angeles Clippers Jonathan Motley
15%
C Norfolk State Indiana Pacers Kyle O'Quinn
15%
PF Washington Cleveland Cavaliers Marquese Chriss
15%
PF Kentucky Oklahoma City Thunder Patrick Patterson
15%
PG South Carolina Boston Celtics PJ Dozier
15%
PG North Carolina Oklahoma City Thunder Raymond Felton
15%
PG Villanova Chicago Bulls Ryan Arcidiacono
15%
PG Connecticut Brooklyn Nets Shabazz Napier
15%
PG Tulsa Chicago Bulls Shaquille Harrison
15%
SG New Mexico Milwaukee Bucks Tony Snell
15%
SG USC Upstate Denver Nuggets Torrey Craig
15%
PF Syracuse Denver Nuggets Tyler Lydon
15%
PF Florida Miami Heat Udonis Haslem
15%
SG Memphis Denver Nuggets Will Barton
15%
SG Iowa State Oklahoma City Thunder Abdel Nader
11%
C Seton Hall Los Angeles Clippers Angel Delgado
11%
SG LSU Chicago Bulls Antonio Blakeney
11%
SF Saint Joseph's Atlanta Hawks DeAndre' Bembry
11%
C Baylor Utah Jazz Ekpe Udoh
11%
SF Maryland Portland Trail Blazers Jake Layman
11%
PG BYU Phoenix Suns Jimmer Fredette
11%
SG Kentucky Toronto Raptors Jodie Meeks
11%
PF North Carolina Cleveland Cavaliers John Henson
11%
SG Xavier Charlotte Hornets J.P. Macura
11%
C UNLV Orlando Magic Khem Birch
11%
C Ohio State Sacramento Kings Kosta Koufos
11%
SG Saint Joseph's Detroit Pistons Langston Galloway
11%
SF Duke Minnesota Timberwolves Luol Deng
11%
PG Saint Mary's Cleveland Cavaliers Matthew Dellavedova
11%
PF Bucknell Los Angeles Lakers Mike Muscala
11%
SF Wisconsin Washington Wizards Sam Dekker
11%
PF Kentucky Portland Trail Blazers Skal Labissiere
11%
SG North Carolina Brooklyn Nets Theo Pinson
11%
PG Duke Houston Rockets Trevon Duval
11%
SG VCU Phoenix Suns Troy Daniels
11%
SG California Los Angeles Clippers Tyrone Wallace
11%
SF Purdue Houston Rockets Vincent Edwards
11%
SG Colorado Sacramento Kings Alec Burks
7%
PF Creighton Minnesota Timberwolves Anthony Tolliver
7%
PF Notre Dame Milwaukee Bucks Bonzie Colson
7%
PG Pittsburgh Boston Celtics Brad Wanamaker
7%
PF Purdue Sacramento Kings Caleb Swanigan
7%
PF USC San Antonio Spurs Chimezie Metu
7%
PG Florida Houston Rockets Chris Chiozza
7%
SG Miami (FL) Indiana Pacers Davon Reed
7%
PG USC Phoenix Suns De'Anthony Melton
7%
SF Louisville Cleveland Cavaliers Deng Adel
7%
PG Xavier Indiana Pacers Edmond Sumner
7%
PF Oregon State Toronto Raptors Eric Moreland
7%
SG LSU Los Angeles Clippers Garrett Temple
7%
SG Seton Hall Detroit Pistons Isaiah Whitehead
7%
PF Kentucky Denver Nuggets Jarred Vanderbilt
7%
PF UCLA Philadelphia 76ers Jonah Bolden
7%
PF Wisconsin Detroit Pistons Jon Leuer
7%
SG Tennessee Washington Wizards Jordan McRae
7%
PF Vanderbilt New York Knicks Luke Kornet
7%
SG Tulane Orlando Magic Melvin Frazier
7%
PF Virginia Philadelphia 76ers Mike Scott
7%
SG UNLV Toronto Raptors Patrick McCaw
7%
SG Arizona Chicago Bulls Rawle Alkins
7%
SG Baylor Utah Jazz Royce O'Neale
7%
SG SMU Philadelphia 76ers Shake Milton
7%
PG Penn State Milwaukee Bucks Tim Frazier
7%
PG Bradley Chicago Bulls Walter Lemon Jr.
7%
SF Kansas State Orlando Magic Wesley Iwundu
7%
SG DePaul New York Knicks Billy Garrett Jr.
4%
PF UNLV New Orleans Pelicans Christian Wood
4%
SF Clemson Oklahoma City Thunder Donte Grantham
4%
C Kentucky Atlanta Hawks Isaac Humphries
4%
SG Rhode Island Minnesota Timberwolves Jared Terrell
4%
PG Arizona Minnesota Timberwolves Jerryd Bayless
4%
SG Vanderbilt New York Knicks John Jenkins
4%
SF Washington San Antonio Spurs Quincy Pondexter
4%
C UCLA Denver Nuggets Thomas Welsh
4%
SG Xavier New Orleans Pelicans Trevon Bluiett
4%
SG Kansas Chicago Bulls Wayne Selden Jr.
4%
PF Georgia Miami Heat Yante Maten
4%
PG George Washington Memphis Grizzlies Yuta Watanabe
4%
SF Kentucky Atlanta Hawks Alex Poythress
0%
SG LSU Chicago Bulls Brandon Sampson
0%
SG Tulane Minnesota Timberwolves Cameron Reynolds
0%
SF Sacramento State Sacramento Kings Cody Demps
0%
PF Oregon State San Antonio Spurs Drew Eubanks
0%
PF Marquette New York Knicks Henry Ellenson
0%
SF Saint John's Chicago Bulls JaKarr Sampson
0%
PG Charleston Charlotte Hornets Joe Chealey
0%
PG Indianapolis Toronto Raptors Jordan Loyd
0%
SF UTEP Memphis Grizzlies Julian Washburn
0%
PG Virginia Tech Los Angeles Clippers Justin Bibbs
0%
PG Michigan State Detroit Pistons Kalin Lucas
0%
PF Georgetown Golden State Warriors Marcus Derrickson
0%
PF Louisville Phoenix Suns Ray Spalding
0%
SG Valparaiso Dallas Mavericks Ryan Broekhoff
0%
SG Kansas Detroit Pistons Svi Mykhailiuk
0%
PG Cincinnati Orlando Magic Troy Caupain
0%
PF George Washington Utah Jazz Tyler Cavanaugh
0%
PF Kentucky Sacramento Kings Wenyen Gabriel
0%
No matching quizzes found
Score Distribution
Percent of People with Each Score
Percentile by Number Answered
Your Score History
You have not taken this quiz since the last reset